| 000 | 00682nam a2200193 i 4500 | ||
|---|---|---|---|
| 001 | 39185 | ||
| 003 | ES-MaACL | ||
| 005 | 20230906155914.0 | ||
| 007 | t| | ||
| 008 | 030227s1865 sp l |||| | spa d | ||
| 100 | 1 |
_aCalvo y Pereyra, Mariano. _933926 |
|
| 245 | 1 | 0 |
_aArquitectura legal _b: tratado especial de la legislación vigente y sus aplicaciones en la construcción de paredes, vistas y luces / _cpor Mariano Calvo y Pereira. |
| 260 |
_aMadrid : _bA. Eusebio Aguado, _c1865. |
||
| 300 |
_a560 p. ; _c23 cm. |
||
| 650 | 4 |
_aServidumbres- _zEspaña. _9168999 |
|
| 650 | 4 |
_aConstrucción- _xDerecho- _zEspaña. _9161574 |
|
| 852 |
_aES-MaACL _jG-4802 |
||
| 852 |
_aES-MaACL _jB-387 |
||
| 999 |
_c39185 _d39185 |
||